Online katalóg knižníc regiónu Turca

Sibirôčka (Record no. 22493)

MARC details
000 -LEADER
fixed length control field 01386cam a2200385 a 4500
001 - CONTROL NUMBER
control field 22493
003 - CONTROL NUMBER IDENTIFIER
control field SK-KTurca
005 - DATE AND TIME OF LATEST TRANSACTION
control field 20260330143119.0
008 - FIXED-LENGTH DATA ELEMENTS--GENERAL INFORMATION
fixed length control field 240226s1992 xo a jr 000 f slo
015 ## - NATIONAL BIBLIOGRAPHY NUMBER
National bibliography number SNBA1992/10
020 ## - INTERNATIONAL STANDARD BOOK NUMBER
International Standard Book Number 8070942835
Qualifying information (viazané)
035 ## - SYSTEM CONTROL NUMBER
System control number SNK000012190
035 ## - SYSTEM CONTROL NUMBER
System control number 77A8C1A1-DCD3-40F3-87F2-FF24917AD749
035 ## - SYSTEM CONTROL NUMBER
System control number urn:nbn:sk:snk-am00ig9d
040 ## - CATALOGING SOURCE
Original cataloging agency SNK
Language of cataloging slo
Transcribing agency SNK
Description conventions AACR2
041 1# - LANGUAGE CODE
Language code of text/sound track or separate title slo
Language code of original rus
044 ## - COUNTRY OF PUBLISHING/PRODUCING ENTITY CODE
MARC country code xo
ISO country code SK
072 #7 - SUBJECT CATEGORY CODE
Subject category code 821.161.1
Subject category code subdivision Ruská literatúra
Source konspekt
072 #7 - SUBJECT CATEGORY CODE
Subject category code 821-93
Subject category code subdivision Literatúra pre deti a mládež (beletria)
Source konspekt
080 ## - UNIVERSAL DECIMAL CLASSIFICATION NUMBER
Universal Decimal Classification number 882-3(087.5)
Edition identifier 1997
080 ## - UNIVERSAL DECIMAL CLASSIFICATION NUMBER
Universal Decimal Classification number 821.161.1-31
Edition identifier 2011
080 ## - UNIVERSAL DECIMAL CLASSIFICATION NUMBER
Universal Decimal Classification number 82-93-053.4/.5
Edition identifier 2011
100 1# - MAIN ENTRY--PERSONAL NAME
Personal name Čarskaja, Lidija Aleksejevna,
Dates associated with a name 1875-1937
Relationship aut
245 10 - TITLE STATEMENT
Title Sibirôčka
Statement of responsibility, etc. L. A. Čárska ; [z ruského originálu Sibirôčka ... preložila Eva Malievová ; ilustrácie Karol Ondreička]
250 ## - EDITION STATEMENT
Edition statement 1. vyd.
260 ## - PUBLICATION, DISTRIBUTION, ETC.
Place of publication, distribution, etc. Bratislava
Name of publisher, distributor, etc. Práca
Date of publication, distribution, etc. 1992
Place of manufacture Trnava
Manufacturer Polygrafické závody
300 ## - PHYSICAL DESCRIPTION
Extent 168 strán
Other physical details ilustrácie
Dimensions 21 cm
500 ## - GENERAL NOTE
General note Ilustrácia na titulnej strane a frontispice. Mimo edície
655 #7 - INDEX TERM--GENRE/FORM
Genre/form data or focus term ruské romány
Source of term SNKPH
655 #7 - INDEX TERM--GENRE/FORM
Genre/form data or focus term literatúra pre deti a mládež
Source of term SNKPH
700 1# - ADDED ENTRY--PERSONAL NAME
Personal name Maliti Fraňová, Eva,
Dates associated with a name 1953-
Relationship trl
700 1# - ADDED ENTRY--PERSONAL NAME
Personal name Ondreička, Karol,
Dates associated with a name 1944-2003
Relationship ill
942 ## - ADDED ENTRY ELEMENTS (KOHA)
Source of classification or shelving scheme Dewey Decimal Classification
Koha item type Krásna literatúra pre deti
Suppress in OPAC No
Holdings
Stav vyradenia Strata Poškodenie Spôsob nadobudnutia Domovská knižnica Aktuálna knižnica Dátum nadobudnutia Total checkouts Čiarový kód exemplára Date last seen Typ exemplára
      Dar Obecná knižnica Horná Štubňa Obecná knižnica Horná Štubňa 30.03.2026   4736202053 30.03.2026 Krásna literatúra pre deti
Projekt je podporený Slovenskou asociáciou knižníc
Prevádzkuje Turčianska knižnica Martin 2026